000 00488nam a2200193Ia 4500
003 LK-CoDNM
005 20240829092606.0
008 010623t1924 xxu||||| |||| 00| 1 sin d
040 _aLK-CoDNM
_dLK-CoDNM
_eLK-CoDNM
041 _asin
080 _a8A
_bK3.1
245 _aපන්සිය පනස් ජාතක පොත
246 _aPansiya Panas Jaathaka Potha
260 _c1924
300 _b304p : 25 cm
490 _vVol. I
650 _aJathaka Stories
942 _cBK
999 _c92403
_d92403